书目信息 |
| 题名: |
资本运作之道
|
|
| 作者: | 戴剑 , 罗清亮 著 | |
| 分册: | ||
| 出版信息: | 上海 上海财经大学出版社 2016 |
|
| 页数: | 110页 | |
| 开本: | 26cm | |
| 丛书名: | ||
| 单 册: | ||
| 中图分类: | F271.4 | |
| 科图分类: | ||
| 主题词: | 企业兼并--研究 | |
| 电子资源: | ||
| ISBN: | 978-7-5642-2312-0 | |
| 000 | 00912nam0 2200277 450 | |
| 001 | 351901 | |
| 005 | 20161017105634.52 | |
| 010 | @a978-7-5642-2312-0@dCNY33.00 | |
| 100 | @a20160418d2016 em y0chiy50 ea | |
| 101 | 0 | @achi |
| 102 | @aCN@b310000 | |
| 105 | @aa z 000yy | |
| 106 | @ar | |
| 200 | 1 | @a资本运作之道@dThe tao of capital operation@e兼并收购操作实务@f戴剑,罗清亮著@zeng |
| 210 | @a上海@c上海财经大学出版社@d2016 | |
| 215 | @a110页@c图@d26cm | |
| 300 | @a“战略成就卓越”系列 | |
| 330 | @a本书分为10章,内容包括全面了解并购、战略引导并购、高效而精准地筛选并购目标、并购尽职调查、并购估值、并购整合、并购风险管理等。 | |
| 510 | 1 | @aTao of capital operation@zeng |
| 517 | 1 | @a兼并收购操作实务 |
| 606 | 0 | @a企业兼并@x研究 |
| 690 | @aF271.4@v5 | |
| 701 | 0 | @a戴剑@c(经济学)@4著 |
| 701 | 0 | @a罗清亮@f(1976~)@4著 |
| 801 | 0 | @aCN@bTANGWEI@c20161010 |
| 905 | @b0897085-9@dF271.4@e1314@f5 | |
| 资本运作之道=The tao of capital operation:兼并收购操作实务/戴剑,罗清亮著.-上海:上海财经大学出版社,2016 |
| 110页:图;26cm |
| “战略成就卓越”系列 |
| ISBN 978-7-5642-2312-0:CNY33.00 |
| 本书分为10章,内容包括全面了解并购、战略引导并购、高效而精准地筛选并购目标、并购尽职调查、并购估值、并购整合、并购风险管理等。 |
| ● |
| 相关链接 |
|
|
|
|
正题名:资本运作之道
索取号:F271.4/1314
 
预约/预借
| 序号 | 登录号 | 条形码 | 馆藏地/架位号 | 状态 | 备注 |
| 1 | 0897085 | 208970853 | 第一样本阅览室/ [索取号:F271.4/1314] | 在馆 | |
| 2 | 0897086 | 208970862 | 第一借阅区/ [索取号:F271.4/1314] | 在馆 | |
| 3 | 0897087 | 208970871 | 第一借阅区/ [索取号:F271.4/1314] | 在馆 | |
| 4 | 0897088 | 208970880 | 密集书库-海洋学院/ [索取号:F271.4/1314] | 在馆 | |
| 5 | 0897089 | 208970899 | 第一借阅区/ [索取号:F271.4/1314] | 在馆 |